Svet v roku 1998 <the> world in 2000
Na minha lista:
| Outros Autores: | |
|---|---|
| Formato: | Livro |
| Idioma: | eslovaco |
| Publicado em: |
Bratislava
EUROSKOP
[1997]
|
| Colecção: | <The> Economist publications
|
| Assuntos: | |
| Tags: |
Sem tags, seja o primeiro a adicionar uma tag!
|
MARC
| LEADER | 00000nam a2200000 4500 | ||
|---|---|---|---|
| 001 | c100007 | ||
| 005 | 20240104101410.9 | ||
| 020 | |a 80-85258-14-5 | ||
| 041 | 0 | |a slo | |
| 044 | |a SK | ||
| 245 | 1 | 0 | |a Svet v roku 1998 |b <the> world in 2000 |c [zodpovedná redaktorka Iveta Seifertová] |
| 264 | 1 | |a Bratislava |b EUROSKOP |c [1997] | |
| 300 | |a 106 s. | ||
| 490 | 1 | |a <The> Economist publications | |
| 830 | 0 | |a <The> Economist publications | |
| 610 | 2 | 0 | |a svet |
| 610 | 2 | 0 | |a obchod |
| 610 | 2 | 0 | |a manažment |
| 610 | 2 | 0 | |a financie |
| 610 | 2 | 0 | |a veda |
| 610 | 2 | 0 | |a politika |
| 610 | 2 | 0 | |a politika medzinárodná |
| 610 | 2 | 0 | |a Európa |
| 610 | 2 | 0 | |a Veľká Británia |
| 610 | 2 | 0 | |a Severná Amerika |
| 610 | 2 | 0 | |a Ázia |
| 700 | 1 | |a Seifertová, Iveta | |